| 000 | 01139nam a2200301 i 4500 | ||
|---|---|---|---|
| 003 | DO-SdBNP | ||
| 005 | 20240515123034.0 | ||
| 007 | ta | ||
| 008 | 221122b2022 dr | 00| 0 spa d | ||
| 020 | _a9789945936766 | ||
| 040 |
_aDO-sdBNP _bspa _cBPMSU _erda |
||
| 082 | 4 |
_aRD868.5 _bH557p 2022 _222 |
|
| 100 | 1 |
_aHernández, Mary Leisy, _eautora |
|
| 245 | 1 | 0 |
_aPrimavera bajo cero grados : _bcrónicas de viajes, mudanzas y añoranzas / _cMary Leisy Hernández ; edición y corrección, Rafael J. Rodríguez Pérez |
| 264 |
_aSanto Domingo : _bRío de Oro, _c2022. |
||
| 300 |
_a241 páginas ; _c23 cm. |
||
| 336 |
_2rdacontent _atexto _btxt |
||
| 337 |
_2rdamedia _asin mediación _bn |
||
| 338 |
_2rdacarrier _avolumen _bnc |
||
| 500 | _aIncluye datos biográficos de la autora en la solapa de la cubierta | ||
| 590 | _aInventariado, 2024/VM | ||
| 600 | 1 | 4 |
_aHernández, Mary Leisy, _xRelatos personales |
| 600 | 1 | 4 |
_aHernández, Mary Leisy, _xColección de escritos |
| 650 | 4 | _aLiteratura dominicana | |
| 700 | 1 |
_aRodríguez Pérez, Rafael J., _eedición y corrección |
|
| 910 | _aVMateo V. Control de calidad. BPMSU | ||
| 942 |
_2ddc _cBK |
||
| 999 |
_c14643 _d14643 |
||